| 000 | 01021nam a22003017a 4500 | ||
|---|---|---|---|
| 003 | EG-ScBUE | ||
| 005 | 20220607094726.0 | ||
| 008 | 100926t2009 enkak f 000 0 eng eng d | ||
| 020 | _a9780521140737 | ||
| 040 |
_aEG-ScBUE _beng _erda _cEG-ScBUE _dEG-ScBUE |
||
| 082 | 0 | 4 |
_a428.24 _bWES _222 |
| 100 | 1 |
_919902 _aWest, Clare, _eauthor. |
|
| 245 | 1 | 0 |
_aRecycling advanced English : _bWith removable key / _cClare West. |
| 250 | _aThird edition. | ||
| 264 | 1 |
_aCambridge : _bCambridge University Press, _c[2009] |
|
| 264 | 4 | _cc2009 | |
| 300 |
_a270 pages : _billustrations, forms ; _c28 cm |
||
| 336 |
_2rdacontent _atext _btxt |
||
| 337 |
_2rdamedia _aunmediated _bn |
||
| 338 |
_2rdacarrier _avolume _bnc |
||
| 500 | _aPrevious ed. published by Georgian Press, c2002 | ||
| 650 | 7 |
_913993 _aEnglish language _vTextbooks for foreign speakers. _2BUEsh |
|
| 650 | 7 |
_914307 _aEnglish language _vProblems, exercises, etc. _2BUEsh |
|
| 651 | _2BUEsh | ||
| 653 | _bHHUUEENN | ||
| 655 |
_vReading book _934232 |
||
| 942 |
_2ddc _cBB |
||
| 999 |
_c14707 _d14707 |
||